|
|
|
|
| LEADER |
00000nam0a2200000 4500 |
| 001 |
29559 |
| 005 |
20250724135051.0 |
| 010 |
|
|
|a 5895350100
|
| 010 |
|
|
|a 5-89517-082-3
|
| 035 |
|
|
|a (RuTPU)RU\TPU\book\29824
|
| 035 |
|
|
|a BOOK00029899
|
| 090 |
|
|
|a 29559
|
| 100 |
|
|
|a 20011209d2000 m y0rusy50 ca
|
| 101 |
0 |
|
|a rus
|
| 102 |
|
|
|a RU
|
| 105 |
|
|
|a a e 000zy
|
| 200 |
1 |
|
|a Энциклопедия российской монархии. Чины, церемонии, гербы, дворцы
|f Под ред. В. Бутромеева
|
| 210 |
|
|
|a Москва
|c Деконт
|c Подкова
|d 2000
|
| 215 |
|
|
|a 335 с.
|c ил.
|
| 606 |
|
|
|a Россия
|x История
|z 9 век-1917
|9 81648
|
| 610 |
1 |
|
|a монархия
|
| 610 |
1 |
|
|a чины
|
| 610 |
1 |
|
|a церемонии
|
| 610 |
1 |
|
|a герба
|
| 610 |
1 |
|
|a дворцы
|
| 610 |
1 |
|
|a этнография
|
| 610 |
1 |
|
|a быт
|
| 610 |
1 |
|
|a энциклопедии
|
| 686 |
|
|
|a Т3(2)4/5я2
|2 rubbk
|
| 686 |
|
|
|a Т52(2=411.2)я2
|2 rubbk
|
| 702 |
|
1 |
|a Бутромеев
|b В.
|4 340
|
| 801 |
|
0 |
|a RU
|b 63413507
|c 20011209
|g PSBO
|
| 801 |
|
2 |
|a RU
|b 63413507
|c 20130507
|g PSBO
|
| 850 |
|
|
|a 63413507
|
| 942 |
|
|
|c BK
|